000 00303nam a22001337a 4500
008 170411b xxu||||| |||| 00| 0 eng d
020 _a084938981X
041 _aeng
080 _22ND
_a612.39
100 _a10
101 _aSHM
245 _aFOOS & NUTRITION ENCYCLOPEDIA
_cENSMINGER
942 _2udc
_cBK
999 _c10420
_d10420